| 000 | 00452nam a2200121Ia 4500 | ||
|---|---|---|---|
| 008 | 220615s9999||||xx |||||||||||||| ||und|| | ||
| 100 | _aRobert Y. Cavana (Ed.)||Ockie Bosch (Ed.) | ||
| 245 | 0 | _aSystems Education for a Sustainable Planet | |
| 546 | _aEnglish[eng] | ||
| 650 | _asystems thinking||system dynamics||systems education||design||learning||sustainability||system sciences | ||
| 856 | _uhttp://www.mdpi.com/books/pdfview/book/596 | ||
| 942 | _cEB | ||
| 999 |
_c18641 _d18641 |
||